[Event "Sao Sebastiao do Paraiso op"]
[Site "Sao Sebastiao do Paraiso"]
[Date "2016.10.21"]
[Round "1"]
[White "Samos, Luciana Martins"]
[Black "Da Silva, Angelo Luiz"]
[Result "0-1"]
[WhiteElo "1450"]
[BlackElo "1954"]
[PlyCount "96"]
[EventDate "2016.10.21"]
[EventType "swiss"]
[EventRounds "5"]
[EventCountry "BRA"]
[SourceTitle "CBM 175 Extra"]
[Source "ChessBase"]
[SourceDate "2016.12.12"]
[SourceVersion "1"]
[SourceVersionDate "2016.12.12"]
[SourceQuality "1"]

1. e4 c5 2. Nc3 Nc6 3. f4 g6 4. Nf3 Bg7 5. Bb5 e6 6. 0-0 Nge7 7. Bxc6 Nxc6 8. Qe1 0-0 9. d3 d6 10. Qg3 a6 11. Ng5 Nd4 12. Rf2 h6 13. Nf3 b5 14. h4 h5 15. Be3 d5 16. e5 Nf5 17. Qh3 Nxe3 18. Re1 Ng4 19. Rff1 b4 20. Nd1 f5 21. Ng5 a5 22. Qf3 Qb6 23. c4 bxc3 24. bxc3 Bb7 25. Qe2 Bh6 26. Nf2 Nxf2 27. Qxf2 Bxg5 28. fxg5 Ba6 29. Rb1 Qc7 30. c4 dxc4 31. dxc4 Rfd8 32. Rfe1 Rd4 33. Rbc1 Rad8 34. Rc2 Bxc4 35. Qf3 Bd5 36. Qe3 Be4 37. Rcc1 c4 38. g4 hxg4 39. Qg3 Rd2 40. Kf1 Qc5 41. Re2 Rd1+ 42. Rxd1 Rxd1+ 43. Re1 Bd3+ 44. Kg2 Rd2+ 45. Kh1 Qd5+ 46. Kg1 Qd4+ 47. Kh1 Be4+ 48. Rxe4 Qxe4+ 0-1

[Event "Belo Horizonte Mineiro zt"]
[Site "Belo Horizonte"]
[Date "2016.08.21"]
[Round "5.6"]
[White "Vieira, Jose Luiz"]
[Black "Samos, Luciana Martins"]
[Result "1-0"]
[WhiteElo "1521"]
[BlackElo "1426"]
[PlyCount "87"]
[EventDate "2016.08.19"]
[EventType "swiss"]
[EventRounds "5"]
[EventCountry "BRA"]
[SourceTitle "EXT 2022"]
[Source "ChessBase"]
[SourceDate "2021.10.06"]
[SourceVersion "1"]
[SourceVersionDate "2021.10.06"]
[SourceQuality "1"]

1. e4 e5 2. Nf3 Nc6 3. d4 exd4 4. Nxd4 Nf6 5. Nc3 Bb4 6. Nxc6 bxc6 7. Bd3 0-0 8. 0-0 Re8 9. Bg5 d5 10. exd5 cxd5 11. Bxf6 Qxf6 12. Nxd5 Qd6 13. Nxb4 Qxb4 14. Qf3 Bb7 15. Qh3 g6 16. a3 Qb6 17. Bc4 Re7 18. Rfe1 Rxe1+ 19. Rxe1 Qxb2 20. Qd7 Qf6 21. h3 Qf4 22. Bb3 Rf8 23. Qa4 Qg5 24. Qg4 Qd2 25. Qb4 Qg5 26. Qxb7 Qa5 27. Qb4 Qf5 28. Qe7 Qa5 29. Rd1 c6 30. Rd7 Qf5 31. Rxa7 c5 32. a4 c4 33. Bxc4 Kg7 34. Bd3 Qf4 35. a5 Qc1+ 36. Bf1 Qxc2 37. a6 Qc6 38. Rc7 Qe8 39. Qxe8 Rxe8 40. a7 Kf6 41. g3 Ke6 42. Bc4+ Kd6 43. Rxf7 Rc8 44. Rxh7 1-0

[Event "Belo Horizonte Mineiro zt"]
[Site "Belo Horizonte"]
[Date "2016.08.20"]
[Round "3.5"]
[White "Samos, Luciana Martins"]
[Black "Dibai, Jerry"]
[Result "1/2-1/2"]
[WhiteElo "1426"]
[BlackElo "1743"]
[PlyCount "95"]
[EventDate "2016.08.19"]
[EventType "swiss"]
[EventRounds "5"]
[EventCountry "BRA"]
[SourceTitle "EXT 2022"]
[Source "ChessBase"]
[SourceDate "2021.10.06"]
[SourceVersion "1"]
[SourceVersionDate "2021.10.06"]
[SourceQuality "1"]

1. e4 c5 2. Nf3 g6 3. Nc3 Bg7 4. Bc4 e6 5. 0-0 Ne7 6. Re1 0-0 7. Bf1 Nbc6 8. Ne2 d5 9. exd5 exd5 10. c3 Re8 11. d4 cxd4 12. Nfxd4 Nf5 13. Nxf5 Bxf5 14. Be3 Qd7 15. Nd4 Nxd4 16. Bxd4 Rxe1 17. Qxe1 Bxd4 18. cxd4 Rc8 19. Rc1 Rxc1 20. Qxc1 Qa4 21. Qd2 Qxa2 22. h3 Qb1 23. Qe2 Qe4 24. Qd2 Qc2 25. Qf4 Qc8 26. g4 Be6 27. Bg2 Qd8 28. g5 Bf5 29. h4 b5 30. h5 h6 31. gxh6 Kh7 32. Bh3 Qd7 33. Bxf5 Qxf5 34. hxg6+ Qxg6+ 35. Kf1 Qb1+ 36. Kg2 Qg6+ 37. Kf1 Qe6 38. Qg5 Qh3+ 39. Ke2 Qxh6 40. Qf5+ Qg6 41. Qh3+ Kg7 42. Qb3 Qe4+ 43. Kf1 a6 44. Qg3+ Qg6 45. Qe5+ Kh7 46. Qxd5 Qb1+ 47. Kg2 Qg6+ 48. Kf1 1/2-1/2

[Event "Belo Horizonte Mineiro zt"]
[Site "Belo Horizonte"]
[Date "2016.08.19"]
[Round "1.5"]
[White "Samos, Luciana Martins"]
[Black "Da Silva, Wagner Afonso"]
[Result "1-0"]
[WhiteElo "1426"]
[BlackElo "1893"]
[PlyCount "105"]
[EventDate "2016.08.19"]
[EventType "swiss"]
[EventRounds "5"]
[EventCountry "BRA"]
[SourceTitle "EXT 2022"]
[Source "ChessBase"]
[SourceDate "2021.10.06"]
[SourceVersion "1"]
[SourceVersionDate "2021.10.06"]
[SourceQuality "1"]

1. e4 c5 2. Nf3 d6 3. Nc3 Nf6 4. Bb5+ Bd7 5. Bxd7+ Nbxd7 6. 0-0 g6 7. d3 Bg7 8. Ne2 0-0 9. c3 Rc8 10. Ng3 Qc7 11. Re1 e5 12. c4 a6 13. Bg5 h6 14. Bd2 b5 15. b3 Nb8 16. Qc1 Kh7 17. Nh4 Ng8 18. h3 Nc6 19. Ne2 Qe7 20. Nf3 f5 21. Nc3 b4 22. Nd5 Qe6 23. a3 a5 24. axb4 axb4 25. Ra6 fxe4 26. Rxe4 Nf6 27. Rh4 Nh5 28. Rb6 Rf7 29. Qd1 Ne7 30. g4 Nxd5 31. cxd5 Qxd5 32. gxh5 Rxf3 33. hxg6+ Kg8 34. Be3 Rcf8 35. Qc2 Qe6 36. Qc4 Qxc4 37. dxc4 R3f6 38. Rg4 Ra8 39. Rg3 Ra3 40. Bd2 e4 41. Rb8+ Rf8 42. Rb6 Rd8 43. Re3 Ra2 44. Be1 Rb2 45. Rxe4 Rxb3 46. Bd2 Rf3 47. Kg2 Rf6 48. Rg4 d5 49. Rxf6 Bxf6 50. cxd5 Rxd5 51. Bxh6 b3 52. Re4 b2 53. Re8# 1-0